000 00876nam a22002055i 4500
001 160384
003 ES-MaACL
005 20251115063312.0
008 970901s1881 sp |||| | spa d
040 _aAR
_bspa
_cAR
100 1 _aMuñoz y Rivero, Jesús,
_d1851-1890
_984518
245 1 0 _aPaleografía visigoda
_b: método teórico-práctico para aprender a leer los códices y documentos españoles de los siglos V al XII /
_cpor Jesús Muñoz y Rivero.
260 _aMadrid :
_b[s.n.],
_c1881 (
_fImp. y Litogr. de La Guirnalda)
300 _aVI, 148, XLIV p., [1] h. pleg. ;
_c22 cm.
505 8 _aFacsímiles: p. I-XLIV, dibujados por el autor
596 _aLáminas en Litografía de La Corte, según consta al v. de port.
650 0 4 _aPaleografía-
_zEspaña.
_915804
852 _aES-MaACL
_jB-3090
_z-- Enc. pasta española
999 _c160384
_d160384